000 00728nam a2200217 a 4500
001 13441
003 BD-JhCC
005 20230924080941.0
008 171017s20172020bg |||| ||a| 00| 0 ben d
035 _a(BD-JhCC) 13441
040 _aBD-JhCC
_dBD-JhCC
041 _abengali
082 _bMIA 2020
100 _aমিয়া, ড. মুহাম্মদ মোহন
111 _4 যায়নাব,সালমা উম্মে
245 _aছোটদের:
_bমুসলিম মনীষা /
_c ড. মুহাম্মদ মোহন মিয়া।
260 _aঢাকা:
_bশিশুকানন;
_c2020.
300 _a136 p. :
_c22 cm.
651 _a Muslim Legend
942 _2ddc
_cBK
999 _c13441
_d13441